Most Common U.S. Skyscraper Words Quiz Stats

 Plays Quiz not verified by Sporcle

Challenge
Share
Tweet
Embed
Score 0/16 Timer 06:00
0 Plays Today
Word % Correct
Tower
96.9%
Building
94.7%
Center
75.6%
Bank
61.2%
Of
54.1%
Plaza
52.2%
America
52.2%
World
47.4%
Word % Correct
One
43.8%
Place
42.8%
Two
37.6%
Street
32.8%
Avenue
26.8%
Chase
20.3%
North
20.3%
Time
4.8%

You're not logged in!

Compare scores with friends on all Sporcle quizzes.
Join for Free
OR
Log In

You Might Also Like...

Show Comments

Extras

Top Quizzes Today


Score Distribution

Your Account Isn't Verified!

In order to create a playlist on Sporcle, you need to verify the email address you used during registration. Go to your Sporcle Settings to finish the process.

Report this User

Report this user for behavior that violates our Community Guidelines.

Details: